Los retoños de la aurora / (Registro nro. 7710)

Detalles MARC
000 -LIDER
fixed length control field 01709nam a2200337 a 4500
001 - NÚMERO DE CONTROL
Identificador de número de control 000011363
003 - IDENTIFICACDOR DE NÚMERO DE CONTROL
control field DO-SdBNP
005 - DATE AND TIME OF LATEST TRANSACTION
control field 20170927125144.0
007 - CAMPOS FIJOS DE DESCRIPCIÓN FÍSICA
fixed length control field 000011363
008 - ELEMENTOS DE LONGITUD FIJA
fixed length control field 091016s2006 dr 001 p spa d
020 ## - ISBN
International Standard Book Number 9945160567
040 ## - FUENTE DE CATALOGACIÓN
Agencia que crea de manera original el registro BPMSU
Idioma de catalogación spa
Agencia que realiza la transcripción BPMSU
092 ## - LOCALLY ASSIGNED DEWEY DECIMAL CALL NUMBER
Número de clasificación RD861.508
Número de ítem (Cutter) R438a
245 04 - MENCIÓN DE TITULO
Título Los retoños de la aurora /
Mención de responsabilidad compilador J. Estévez Aristy ; presentación José Reyes.
260 ## - PUBLICACIÓN, DISTRIBUCIÓN, ETC. (PIE DE IMPRENTA)
Lugar de publicación, distribución, etc Santo Domingo :
Nombre del editor, distribuidor, etc. Búho,
Fecha de publicación, distribución, etc 2006.
300 ## - DESCRIPCIÓN FÍSICA
Extensión 126 p. :
Otros detalles físicos il. ;
Dimensiones 22 cm.
505 0# - NOTA DE CONTENIDO
Información miscelánea Palabras de apertura /
Mención de responsabilidad Isael Pérez --
Título Prólogo /
Información miscelánea J. Estévez Aristy --
Título Presentación /
Mención de responsabilidad José Reyes --
-- Adela Germán --
-- Romina Bayo --
-- Marielys Duluc Reyna --
-- Víctor Manuel Zorrilla --
-- Bertha C. Martínez --
-- Karelyn Dyer José --
-- Bienvenido Jiménez Sánchez (Niño) --
-- Carolina Estefany Silvestre Rondón --
-- Peter --
-- Jeter --
-- Eulogio Jiménez Germán --
-- Luis Antonio Villanueva --
-- Olga Carmen Hernández Nieves --
-- Reynaldo Alberto Berroa --
-- Olga Carmen Justiniano Díaz --
-- Pedro Henríquez Severino.
586 ## - AWARDS NOTE
Awards note Primer concurso de poesía "Juan Bosch", 2005 -2006, Auspiciado por el Ayuntamiento municipal de La Romana.
650 #4 - ENCABEZAMIENTO DE MATERIA--TEMÁTICO
Término temático o nombre geográfico como elemento de entrada POESÍA DOMINICANA
Subdivisión temática general COLECCIONES
650 #4 - ENCABEZAMIENTO DE MATERIA--TEMÁTICO
Término temático o nombre geográfico como elemento de entrada LITERATURA DOMINICANA
Subdivisión temática general COLECCIONES
700 12 - ASIENTO SECUNDARIO -- NOMBRE PERSONAL
Nombre personal Aristy, Estévez
Mención de responsabilidad comp.
700 1# - ASIENTO SECUNDARIO -- NOMBRE PERSONAL
Nombre personal Reyes José,
Mención de responsabilidad present
910 ## - VALIDACIÓN
Validación Validado. Control de calidad MFF
930 #1 - EQUIVALENCE OR CROSS-REFERENCE-UNIFORM TITLE HEADING [LOCAL, CANADA]
Language of a work BND01
Medium of performance for music LF1
Medium RD861.508
Field link and sequence number 20091016
Date of a work 04
Name of part/section of a work HD
Miscellaneous information 6559
942 ## - ADDED ENTRY ELEMENTS (KOHA)
Source of classification or shelving scheme Dewey Decimal Classification
Koha item type Libros
945 ## - INFORMACIÓN DE PROCESAMIENTO LOCAL
Información de procesamiento local Titulo remanejado para BNPHU
956 ## - LOCAL ELECTRONIC LOCATION AND ACCESS (OCLC)
Nombre de host AVARGAS
Número de acceso 10
Información de compresión 20091016
Inicio de sesión BND01
Procesador de solicitud 1412
956 ## - LOCAL ELECTRONIC LOCATION AND ACCESS (OCLC)
Nombre de host VMATEO
Número de acceso 10
Información de compresión 20091021
Inicio de sesión BND01
Procesador de solicitud 1520
956 ## - LOCAL ELECTRONIC LOCATION AND ACCESS (OCLC)
Nombre de host EMARRERO
Número de acceso 40
Información de compresión 20120412
Inicio de sesión BND01
Procesador de solicitud 2134
956 ## - LOCAL ELECTRONIC LOCATION AND ACCESS (OCLC)
Nombre de host VMATEO
Número de acceso 10
Información de compresión 20150427
Inicio de sesión BND01
Procesador de solicitud 00151
Existencias
Withdrawn status Lost status Source of classification or shelving scheme Damaged status Not for loan Home library Current library Date acquired Total Checkouts Full call number Barcode Date last seen Price effective from Koha item type
    Dewey Decimal Classification     Biblioteca Pública Metropolitana Salomé Ureña Biblioteca Pública Metropolitana Salomé Ureña 04/27/2015   RD861.508 R438a BPMSU15040709 04/27/2015 04/27/2015 Libros